00332nam a2200133Ia 4500008004100000020001500041050002200056245001800078250001300096260003600109300001400145500002000159650001900179151021s9999 xx 000 0 und d a9966882073 aKD2079.3.0371994  a_Company Law  a2nd Ed.  aNairobi Focus Publication 1997  avi,:489p  aIncludes Index  a_Constitution